Statistics for Biggest cities by the English Channel on a map

Click here to take the quiz!

General Stats

  • This quiz has been taken 558 times
  • The average score is 9 of 24

Answers on the Map

Answers color-coded by a green-red scale on the quiz's map according to % correct below.
Loading ...
Bristol ChannelNorth SeaNorth Atlantic SeaJerseyJerseyGuernseyGuernseyEnglish ChannelStrait of Dover
 

Answer Stats

CountryPopulationAnswer% Correct
France73,911Calais
92%
United Kingdom240,692Plymouth
80%
United Kingdom269,781Southampton
79%
United Kingdom244,329Brighton and Hove
77%
United Kingdom249,048Portsmouth
72%
France170,147Le Havre
53%
United Kingdom198,296Bournemouth
52%
United Kingdom124,856Exeter
52%
France79,200Cherbourg-en-Cotentin
35%
France105,354Caen
35%
United Kingdom93,685Hastings
33%
United Kingdom51,126Torquay
32%
United Kingdom159,108Poole
31%
United Kingdom113,918Eastbourne
30%
United Kingdom54,451Folkestone
28%
United Kingdom55,251Weymouth
25%
United Kingdom114,662Worthing
19%
United Kingdom69,888Bognor Regis
15%
United Kingdom73,782Gosport
15%
United Kingdom66,905Paignton
15%
United Kingdom56,498Christchurch
14%
United Kingdom82,728Eastleigh
14%
United Kingdom58,858Littlehampton
12%
United Kingdom50,817Shoreham-by-Sea
11%

Score Distribution

Percentile by Number Answered

Percent of People with Each Score

Your Score History

You have not taken this quiz